[Event "29. Torneo Collado Villalba 2012 - B"]
[Site "Collado Villalba ESP"]
[Date "2012.08.28"]
[Round "5.4"]
[White "Largo Barbero, Benito"]
[Black "Juberias Guillen, Paloma"]
[Result "1/2-1/2"]
[WhiteElo "1902"]
[BlackElo "1788"]
[PlyCount "107"]
[EventDate "2012.08.24"]
[EventType "swiss"]
[EventRounds "9"]
[EventCountry "ESP"]
[Source "lmi"]
[SourceDate "2012.08.24"]

1. Nc3 d5 2. d4 c6 3. Nf3 Nf6 4. Bg5 Qb6 5. Rb1 Nbd7 6. e3 e6 7. Bd3 Bd6 8. Bh4
Qc7 9. Qe2 e5 10. e4 O-O 11. dxe5 Nxe5 12. Nxe5 Bxe5 13. h3 d4 14. Nd1 Qa5+ 15.
c3 Qxa2 16. cxd4 Bxd4 17. O-O Qa5 18. g4 h6 19. Kh2 Re8 20. Bxf6 Bxf6 21. f4
Bd4 22. Rf3 Be6 23. Rg3 Qc7 24. Rf3 c5 25. Ne3 a6 26. Nf5 Rad8 27. Rc1 b5 28.
Kh1 Bc8 29. Qg2 Bb7 30. g5 hxg5 31. Qxg5 Re6 32. Nxd4 Rxd4 33. Rxc5 Qb6 34. Kh2
Bxe4 35. Rc8+ Kh7 36. Bxe4+ Rdxe4 37. Qf5+ Rg6 38. Qh5+ Rh6 39. Qf5+ Qg6 40.
Qxg6+ Rxg6 41. Rc2 b4 42. f5 Rf6 43. Kg3 a5 44. b3 Ra6 45. Ra2 Kh6 46. h4 Kh5
47. f6 Rg4+ 48. Kf2 gxf6 49. Rf5+ Kxh4 50. Kf3 Rg3+ 51. Kf4 Rxb3 52. Rg2 Kh3
53. Rg7 Kh2 54. Rh5+ 1/2-1/2

[Event "29. Torneo Collado Villalba 2012 - B"]
[Site "Collado Villalba ESP"]
[Date "2012.08.28"]
[Round "5.5"]
[White "Ruiz Escobar, Israel"]
[Black "Ruiz De Alegria Madariaga, Carlos"]
[Result "1-0"]
[WhiteElo "1791"]
[BlackElo "1879"]
[PlyCount "59"]
[EventDate "2012.08.24"]
[EventType "swiss"]
[EventRounds "9"]
[EventCountry "ESP"]
[Source "lmi"]
[SourceDate "2012.08.24"]

1. d4 Nf6 2. Bf4 d5 3. Nf3 e6 4. e3 c5 5. Nbd2 Be7 6. c3 Nc6 7. Bd3 Qb6 8. Rb1
Bd7 9. Ne5 cxd4 10. exd4 h5 11. Qb3 Qxb3 12. Nxb3 Nxe5 13. dxe5 Nh7 14. h4
O-O-O 15. Nd4 a6 16. Nf3 Kb8 17. O-O Bxh4 18. Bxh7 Bxf2+ 19. Rxf2 g6 20. Ng5
Be8 21. Rd1 Rc8 22. Rc2 Rc4 23. Rd4 Rc7 24. c4 dxc4 25. Rd8+ Rc8 26. Rxc8+ Kxc8
27. Rxc4+ Bc6 28. b4 Kd7 29. Be3 b5 30. Rf4 1-0

[Event "29. Torneo Collado Villalba 2012 - B"]
[Site "Collado Villalba ESP"]
[Date "2012.08.28"]
[Round "5.6"]
[White "Montoya Gandia, Manuel"]
[Black "Escalante Ortega, Fernando"]
[Result "0-1"]
[WhiteElo "1690"]
[BlackElo "1867"]
[PlyCount "80"]
[EventDate "2012.08.24"]
[EventType "swiss"]
[EventRounds "9"]
[EventCountry "ESP"]
[Source "lmi"]
[SourceDate "2012.08.24"]

1. d4 Nf6 2. Nf3 g6 3. c4 Bg7 4. Nc3 d5 5. cxd5 Nxd5 6. e4 Nxc3 7. bxc3 c5 8.
Bc4 O-O 9. O-O cxd4 10. cxd4 Bg4 11. Rb1 Qc7 12. Bd5 Nc6 13. Be3 e6 14. Bxc6
Bxf3 15. Qxf3 Qxc6 16. Rfc1 Qd7 17. d5 e5 18. Qe2 a6 19. Rb6 Rac8 20. Rcb1 Rc7
21. Qb2 f5 22. f3 fxe4 23. fxe4 Qg4 24. Rxb7 Rxb7 25. Qxb7 Qxe4 26. Bc5 Rf7 27.
Qa8+ Bf8 28. Qb8 Qxd5 29. Be3 Kg7 30. Qb3 Qd8 31. Rd1 Qf6 32. Qd5 h5 33. Re1
Kh7 34. Qc4 Bh6 35. Bc5 Bg7 36. Qe4 Qf4 37. Qd3 Qf5 38. Qxa6 e4 39. Qc6 Bh6 40.
Qb5 Be3+ 0-1

[Event "29. Torneo Collado Villalba 2012 - B"]
[Site "Collado Villalba ESP"]
[Date "2012.08.28"]
[Round "5.7"]
[White "Garcia Burguillo, Javier"]
[Black "Al-Zarif Zabala, Bassam"]
[Result "1-0"]
[WhiteElo "1850"]
[BlackElo "1778"]
[PlyCount "123"]
[EventDate "2012.08.24"]
[EventType "swiss"]
[EventRounds "9"]
[EventCountry "ESP"]
[Source "lmi"]
[SourceDate "2012.08.24"]

1. e4 Nf6 2. e5 Nd5 3. d4 d6 4. exd6 exd6 5. c4 Nf6 6. Nc3 Be7 7. Nf3 O-O 8.
Be2 Re8 9. O-O Nbd7 10. Bf4 Nf8 11. h3 Ng6 12. Bh2 Bf5 13. Bd3 Bxd3 14. Qxd3
Qd7 15. Rab1 a5 16. Rfe1 Bf8 17. a3 Ne7 18. b3 Rab8 19. Qd2 Ra8 20. Qd3 Rab8
21. Red1 Ng6 22. Rbc1 Rbc8 23. Qd2 Qd8 24. Re1 Rxe1+ 25. Rxe1 Ra8 26. Re2 Qd7
27. a4 h6 28. Ne4 Nxe4 29. Rxe4 b6 30. Qe1 Ne7 31. Bg3 Ng6 32. Bh2 Rc8 33. d5
Be7 34. Bf4 Bf6 35. Bd2 Kf8 36. Kf1 Re8 37. Rxe8+ Qxe8 38. Qxe8+ Kxe8 39. Ke2
Kd7 40. Be3 Nh4 41. Nxh4 Bxh4 42. Bd4 g6 43. g3 Be7 44. Kd3 h5 45. Ke4 f6 46.
f3 Ke8 47. g4 hxg4 48. fxg4 Kf7 49. Kf4 Bd8 50. h4 f5 51. g5 Kg8 52. Bc3 Kf7
53. b4 axb4 54. Bxb4 Ke8 55. a5 bxa5 56. Bxa5 Kd7 57. Bc3 c6 58. h5 Bxg5+ 59.
Kxg5 gxh5 60. Kxf5 cxd5 61. cxd5 h4 62. Be1 1-0

[Event "29. Torneo Collado Villalba 2012 - B"]
[Site "Collado Villalba ESP"]
[Date "2012.08.28"]
[Round "5.9"]
[White "Leniz Martinez, Francisco"]
[Black "Palenciano Escolar, Adrian"]
[Result "1/2-1/2"]
[WhiteElo "1834"]
[BlackElo "1640"]
[PlyCount "72"]
[EventDate "2012.08.24"]
[EventType "swiss"]
[EventRounds "9"]
[EventCountry "ESP"]
[Source "lmi"]
[SourceDate "2012.08.24"]

1. e4 c5 2. d3 Nc6 3. Nf3 d6 4. Nbd2 g6 5. g3 Bg7 6. Bg2 Qc7 7. O-O Nf6 8. Re1
O-O 9. c3 Nd7 10. Nb3 c4 11. dxc4 Nce5 12. Nbd4 Qxc4 13. Bf1 Nxf3+ 14. Nxf3 Qc7
15. Be3 Nf6 16. Qa4 Bd7 17. Qc2 Bc6 18. Bg5 e5 19. Rad1 h6 20. Bc1 Rfe8 21. c4
Nd7 22. Bh3 Nc5 23. b3 f5 24. Nd2 fxe4 25. Bg2 e3 26. Rxe3 Bxg2 27. Kxg2 Qc6+
28. Ne4 Nxe4 29. Qxe4 Rad8 30. Rd5 Re6 31. Re2 Rde8 32. Rb5 R8e7 33. Rd5 Re8
34. Kg1 a6 35. Bd2 Kf7 36. h4 Rf6 1/2-1/2

[Event "29. Torneo Collado Villalba 2012 - B"]
[Site "Collado Villalba ESP"]
[Date "2012.08.28"]
[Round "5.10"]
[White "Plazuelo Pascual, Juan"]
[Black "Alvarez Escudero, Manuel"]
[Result "1-0"]
[WhiteElo "1721"]
[BlackElo "1826"]
[PlyCount "61"]
[EventDate "2012.08.24"]
[EventType "swiss"]
[EventRounds "9"]
[EventCountry "ESP"]
[Source "lmi"]
[SourceDate "2012.08.24"]

1. e4 e5 2. Nf3 Nc6 3. Bb5 d6 4. d4 exd4 5. Nxd4 Bd7 6. Nc3 Nf6 7. Bxc6 bxc6 8.
Qf3 Be7 9. e5 dxe5 10. Nxc6 Bxc6 11. Qxc6+ Nd7 12. O-O O-O 13. Rd1 Bd6 14. Ne4
Rc8 15. Nxd6 Nb8 16. Qd5 cxd6 17. c4 Rc5 18. Qd3 Nc6 19. Be3 e4 20. Qxe4 Re8
21. Rxd6 Rxc4 22. Qd5 Qc7 23. Rd7 Qe5 24. Qxf7+ Kh8 25. Qxc4 Qxb2 26. Rad1 Ne5
27. Qc8 Rg8 28. Rd8 Qxa2 29. Rxg8+ Qxg8 30. Rd8 h6 31. Rxg8+ 1-0

[Event "29. Torneo Collado Villalba 2012 - B"]
[Site "Collado Villalba ESP"]
[Date "2012.08.28"]
[Round "5.11"]
[White "De Dompablo Fantova, Juan"]
[Black "Suarez Paz, Alfonso"]
[Result "1/2-1/2"]
[WhiteElo "1669"]
[BlackElo "1857"]
[PlyCount "75"]
[EventDate "2012.08.24"]
[EventType "swiss"]
[EventRounds "9"]
[EventCountry "ESP"]
[Source "lmi"]
[SourceDate "2012.08.24"]

1. e4 e5 2. Nf3 d6 3. d4 exd4 4. Nxd4 Nf6 5. Nc3 Be7 6. Be2 O-O 7. O-O a6 8. a4
Nbd7 9. Nf5 Nc5 10. Nxe7+ Qxe7 11. f3 h6 12. b4 Ne6 13. Nd5 Nxd5 14. Qxd5 Bd7
15. Be3 Bc6 16. Qd3 Qf6 17. f4 b5 18. a5 Bb7 19. c4 bxc4 20. Qxc4 c5 21. Rad1
cxb4 22. Qxb4 Rfb8 23. Rxd6 Qe7 24. Rb6 Qxb4 25. Rxb4 Bc6 26. Rfb1 Rxb4 27.
Rxb4 Nc7 28. Bb6 Nb5 29. Bxb5 Bxb5 30. Rd4 Bc6 31. Kf2 Re8 32. e5 g6 33. g3 h5
34. h3 Kg7 35. Rd6 Re6 36. Rxe6 fxe6 37. g4 hxg4 38. hxg4 1/2-1/2

[Event "29. Torneo Collado Villalba 2012 - B"]
[Site "Collado Villalba ESP"]
[Date "2012.08.28"]
[Round "5.12"]
[White "Garcia Serrano, Jose Manuel"]
[Black "Garcia Diaz, Alejandro"]
[Result "0-1"]
[WhiteElo "1912"]
[BlackElo "1767"]
[PlyCount "72"]
[EventDate "2012.08.24"]
[EventType "swiss"]
[EventRounds "9"]
[EventCountry "ESP"]
[Source "lmi"]
[SourceDate "2012.08.24"]

1. e4 c6 2. Nc3 d5 3. Nf3 dxe4 4. Nxe4 Bf5 5. Ng3 Bg6 6. h4 h6 7. Ne5 Bh7 8.
Qh5 g6 9. Bc4 e6 10. Qe2 Qe7 11. d4 Nd7 12. Bd2 O-O-O 13. O-O-O Bg7 14. Bf4
Nxe5 15. dxe5 g5 16. Rxd8+ Qxd8 17. Rd1 Qc7 18. hxg5 hxg5 19. Nh5 gxf4 20. Nxg7
Ne7 21. Qh5 Ng6 22. Rd6 Qa5 23. Qd1 Nxe5 24. Bb3 Bg6 25. c3 Qb5 26. Bxe6+ fxe6
27. Nxe6 Nd3+ 28. Kd2 Qxb2+ 29. Qc2 Qxc2+ 30. Kxc2 Nc5+ 31. Kb2 Nxe6 32. Rxe6
Bd3 33. Rf6 Rg8 34. Rxf4 Rxg2 35. Kb3 Kc7 36. Rf7+ Kb6 0-1

[Event "29. Torneo Collado Villalba 2012 - B"]
[Site "Collado Villalba ESP"]
[Date "2012.08.28"]
[Round "5.13"]
[White "Sanchez Ruiz, Justo"]
[Black "Camarero Izquierdo, Juan Carlos"]
[Result "0-1"]
[WhiteElo "1750"]
[BlackElo "1881"]
[PlyCount "58"]
[EventDate "2012.08.24"]
[EventType "swiss"]
[EventRounds "9"]
[EventCountry "ESP"]
[Source "lmi"]
[SourceDate "2012.08.24"]

1. e4 c5 2. Nf3 d6 3. d4 cxd4 4. Nxd4 Nf6 5. Nc3 a6 6. Bc4 b5 7. Bb3 Bb7 8. O-O
Nbd7 9. Re1 e6 10. Bg5 Nc5 11. Bd5 exd5 12. exd5+ Kd7 13. Bxf6 Qxf6 14. Qg4+
Kc7 15. Ndxb5+ axb5 16. Nxb5+ Kb6 17. Qb4 Ra4 18. Qd2 Kxb5 19. c4+ Kb6 20. b4
Nd7 21. c5+ dxc5 22. bxc5+ Bxc5 23. Rab1+ Ka7 24. Rxb7+ Kxb7 25. Rb1+ Kc7 26.
Rc1 Rha8 27. Qe3 Kd8 28. Qb3 Qxf2+ 29. Kh1 Rxa2 0-1

[Event "29. Torneo Collado Villalba 2012 - B"]
[Site "Collado Villalba ESP"]
[Date "2012.08.28"]
[Round "5.14"]
[White "Sanchez Ruiz, Piedad Esmeralda"]
[Black "Garcia Hernandez, Javier"]
[Result "0-1"]
[WhiteElo "1850"]
[BlackElo "1721"]
[PlyCount "88"]
[EventDate "2012.08.24"]
[EventType "swiss"]
[EventRounds "9"]
[EventCountry "ESP"]
[Source "lmi"]
[SourceDate "2012.08.24"]

1. e4 e6 2. d4 d5 3. e5 c5 4. c3 Nc6 5. Nf3 Qb6 6. Be2 Nge7 7. Na3 cxd4 8. cxd4
Ng6 9. Nc2 Be7 10. O-O O-O 11. Kh1 f6 12. exf6 Bxf6 13. b3 Bd7 14. Be3 Qc7 15.
Qd2 Be8 16. Rac1 Qd6 17. b4 a6 18. a3 e5 19. dxe5 Ncxe5 20. Ncd4 Bf7 21. h3 Qd7
22. Rc2 Rac8 23. Rfc1 Nxf3 24. Nxf3 Be6 25. Kh2 Nh4 26. Nxh4 Bxh4 27. Bf3 Be7
28. Rxc8 Rxc8 29. Rxc8+ Qxc8 30. Bxd5 Kf8 31. Bxe6 Qxe6 32. Qd4 Qd6+ 33. Qxd6
Bxd6+ 34. g3 Be5 35. a4 Kf7 36. Kg2 Ke6 37. f4 Bc3 38. Bc5 Kd5 39. Kf3 a5 40.
bxa5 Kxc5 41. Ke4 Kb4 42. a6 bxa6 43. g4 Kxa4 44. g5 Kb3 0-1

[Event "29. Torneo Collado Villalba 2012 - B"]
[Site "Collado Villalba ESP"]
[Date "2012.08.28"]
[Round "5.15"]
[White "Liceras Ruiz, Manuel"]
[Black "Cabrera Jimenez, Julio"]
[Result "1/2-1/2"]
[WhiteElo "1736"]
[BlackElo "1843"]
[PlyCount "58"]
[EventDate "2012.08.24"]
[EventType "swiss"]
[EventRounds "9"]
[EventCountry "ESP"]
[Source "lmi"]
[SourceDate "2012.08.24"]

1. d4 Nf6 2. c4 c5 3. d5 e6 4. Nc3 exd5 5. cxd5 d6 6. e4 g6 7. Nf3 Bg7 8. Bf4
Bg4 9. Be2 Bxf3 10. Bxf3 O-O 11. O-O Re8 12. Qc2 Na6 13. Rad1 Nc7 14. a4 Rb8
15. Rfe1 b5 16. e5 dxe5 17. Bxe5 b4 18. d6 Rxe5 19. Rxe5 Ne6 20. Nb5 a6 21. Na7
Qd7 22. Nc6 Rb6 23. Ne7+ Kf8 24. Nd5 Rxd6 25. Nxf6 Rxd1+ 26. Qxd1 Qxd1+ 27.
Bxd1 Bxf6 28. Rxe6 fxe6 29. b3 Ke7 1/2-1/2

[Event "29. Torneo Collado Villalba 2012 - B"]
[Site "Collado Villalba ESP"]
[Date "2012.08.28"]
[Round "5.16"]
[White "Perez Alvarez, Javier"]
[Black "Alvarez Romero, Carlos"]
[Result "1-0"]
[WhiteElo "1834"]
[BlackElo "1701"]
[PlyCount "105"]
[EventDate "2012.08.24"]
[EventType "swiss"]
[EventRounds "9"]
[EventCountry "ESP"]
[Source "lmi"]
[SourceDate "2012.08.24"]

1. e4 c6 2. Nf3 d5 3. exd5 cxd5 4. Ne5 Nf6 5. d4 Nc6 6. c3 a6 7. Bd3 g6 8. Nd2
Bg7 9. Ndf3 Qb6 10. Qe2 Nxe5 11. Nxe5 Nd7 12. Nf3 Nf6 13. h3 Qe6 14. Be3 h6 15.
a4 Bd7 16. O-O g5 17. Nh2 Ne4 18. Rfe1 O-O 19. Qc2 Rac8 20. Qc1 f5 21. f3 Nd6
22. Bxg5 Qg6 23. Bxe7 Rf7 24. Bxd6 Qxd6 25. Qd1 Rc6 26. Qd2 Qg3 27. Qf2 Qf4 28.
Qe3 Qg3 29. f4 Qh4 30. Nf3 Qh5 31. Qf2 Rg6 32. Kh1 Bf6 33. Ne5 Bxe5 34. Rxe5
Rfg7 35. Be2 Rxg2 36. Qxg2 Rxg2 37. Bxh5 Rxb2 38. Re7 Bc6 39. Bg6 Rf2 40. Bxf5
Rxf4 41. Bg4 Rf2 42. Ra3 Rd2 43. Re2 Rd3 44. Kg2 b5 45. Kf2 bxa4 46. Bf5 Rd1
47. Re5 Rd2+ 48. Kg3 Rb2 49. Be6+ Kg7 50. Bxd5 Bxd5 51. Rxd5 Rb3 52. Rxa4 Rxc3+
53. Kg4 1-0

[Event "29. Torneo Collado Villalba 2012 - B"]
[Site "Collado Villalba ESP"]
[Date "2012.08.28"]
[Round "5.17"]
[White "Garcia Andrinal, Antonio"]
[Black "Dominguez Coig, Alvaro"]
[Result "0-1"]
[WhiteElo "1774"]
[BlackElo "1689"]
[PlyCount "76"]
[EventDate "2012.08.24"]
[EventType "swiss"]
[EventRounds "9"]
[EventCountry "ESP"]
[Source "lmi"]
[SourceDate "2012.08.24"]

1. e4 c5 2. Nf3 d6 3. d4 cxd4 4. Nxd4 Nf6 5. Nc3 a6 6. Bc4 e6 7. Bb3 Be7 8. O-O
b5 9. Qe2 Qc7 10. f4 b4 11. Nd1 Bb7 12. Nf2 Nc6 13. c3 O-O 14. Ng4 Nxd4 15.
cxd4 Nxg4 16. Qxg4 Bxe4 17. Bxe6 Bf6 18. Bf5 Bxd4+ 19. Kh1 d5 20. Qh3 h6 21.
Bxe4 dxe4 22. f5 Qc6 23. f6 Bxf6 24. Bxh6 Rac8 25. Qg4 Bxb2 26. Rab1 Qxh6 27.
Rxb2 Rc1 28. Qf5 Rxf1+ 29. Qxf1 Rc8 30. Rb1 e3 31. Qe2 a5 32. Rd1 Qf4 33. Qb5
Qc4 34. Qxa5 e2 35. Rg1 Qc3 36. h3 e1=Q 37. Rxe1 Qxe1+ 38. Kh2 Re8 0-1

[Event "29. Torneo Collado Villalba 2012 - B"]
[Site "Collado Villalba ESP"]
[Date "2012.08.28"]
[Round "5.18"]
[White "Rodriguez Gomez, Jose"]
[Black "Fernandez Lago, David"]
[Result "0-1"]
[WhiteElo "1716"]
[BlackElo "1976"]
[PlyCount "68"]
[EventDate "2012.08.24"]
[EventType "swiss"]
[EventRounds "9"]
[EventCountry "ESP"]
[Source "lmi"]
[SourceDate "2012.08.24"]

1. e4 c5 2. c4 Nc6 3. Nf3 e5 4. d3 g6 5. Nc3 Bg7 6. Be2 Nge7 7. O-O O-O 8. h3
d6 9. a3 f5 10. Rb1 f4 11. b4 Bf6 12. Nd5 Nxd5 13. cxd5 Nd4 14. Nxd4 cxd4 15.
a4 h5 16. Ba3 Rf7 17. b5 Be7 18. Kh2 Qf8 19. Rc1 Bd7 20. Rc7 Bd8 21. Rc1 Rf6
22. Bb4 Qh6 23. g4 f3 24. Bxf3 Rxf3 25. Qxf3 hxg4 26. Qg3 Bg5 27. f4 exf4 28.
Qg2 f3 29. Rxf3 gxf3 30. Qxf3 Rf8 31. Qg2 Bf4+ 32. Kg1 Be3+ 33. Kh1 Bxh3 34.
Qh2 Bg2+ 0-1

[Event "29. Torneo Collado Villalba 2012 - B"]
[Site "Collado Villalba ESP"]
[Date "2012.08.28"]
[Round "5.19"]
[White "Sanz Varea, Jose M"]
[Black "Cano Mercado, Francisco Manuel"]
[Result "1/2-1/2"]
[WhiteElo "1710"]
[BlackElo "1887"]
[PlyCount "141"]
[EventDate "2012.08.24"]
[EventType "swiss"]
[EventRounds "9"]
[EventCountry "ESP"]
[Source "lmi"]
[SourceDate "2012.08.24"]

1. f4 c5 2. Nf3 Nc6 3. e3 Nf6 4. b3 e6 5. Bb2 d6 6. Bd3 a6 7. a4 Be7 8. O-O Nb4
9. Be2 Bd7 10. Na3 Bc6 11. Bd3 Qc7 12. Qe1 Nxd3 13. cxd3 Bd5 14. Nc4 O-O 15. e4
Bxc4 16. bxc4 Nd7 17. Qg3 Bf6 18. e5 dxe5 19. fxe5 Be7 20. Ng5 Bxg5 21. Qxg5
Qd8 22. Qe3 Qc7 23. Rf3 b5 24. axb5 axb5 25. Rxa8 Rxa8 26. cxb5 Rb8 27. Qf4 Nb6
28. Ba3 Nd5 29. Qc4 Qxe5 30. Qxc5 Qe1+ 31. Rf1 Qxd2 32. Qa7 Qe3+ 33. Qxe3 Nxe3
34. Rb1 f6 35. b6 Rb7 36. Kf2 Nd5 37. Kf3 Rxb6 38. Rxb6 Nxb6 39. Ke4 Kf7 40.
Bd6 Nc8 41. Bc5 Ne7 42. d4 Nd5 43. Bd6 g6 44. g3 Ke8 45. h3 Kd7 46. Bc5 Kc6 47.
Bf8 Kb5 48. Kd3 Nb6 49. Be7 Nd7 50. Bd6 Kc6 51. Be7 Kd5 52. Ke3 e5 53. dxe5
fxe5 54. Bg5 Nc5 55. Bd8 Ne6 56. Bf6 Nd4 57. g4 Ne6 58. h4 Nc5 59. h5 Nd7 60.
Bg7 Nb6 61. hxg6 hxg6 62. Bf6 Nc4+ 63. Kf3 Nd2+ 64. Ke3 Ne4 65. Bh4 g5 66. Be1
Nf6 67. Kf3 Kd4 68. Bd2 Ne4 69. Be3+ Kd3 70. Bc1 Kd4 71. Be3+ 1/2-1/2

[Event "29. Torneo Collado Villalba 2012 - B"]
[Site "Collado Villalba ESP"]
[Date "2012.08.28"]
[Round "5.21"]
[White "Tolosana Esteban, Enrique"]
[Black "Perez Perez, Elena"]
[Result "1-0"]
[WhiteElo "1761"]
[BlackElo "1678"]
[PlyCount "73"]
[EventDate "2012.08.24"]
[EventType "swiss"]
[EventRounds "9"]
[EventCountry "ESP"]
[Source "lmi"]
[SourceDate "2012.08.24"]

1. e4 e5 2. Nf3 Nc6 3. Bb5 a6 4. Bxc6 dxc6 5. Nc3 f6 6. d4 exd4 7. Qxd4 Qxd4 8.
Nxd4 c5 9. Nde2 Bd6 10. f4 Ne7 11. Be3 Nc6 12. O-O-O Be6 13. Nd5 O-O-O 14. c3
Rhe8 15. Ng3 Ne7 16. c4 c6 17. Nxe7+ Bxe7 18. b3 Bd6 19. h3 b6 20. Nh5 Rg8 21.
Rd2 Bf7 22. Ng3 Bc7 23. Rhd1 Rxd2 24. Rxd2 Rd8 25. Nf5 Rxd2 26. Bxd2 g6 27. Nh6
Be8 28. Ng8 Bd8 29. f5 Bf7 30. Nh6 Be8 31. Bc3 Bd7 32. g4 gxf5 33. exf5 Bc7 34.
Ng8 Be5 35. Bxe5 fxe5 36. Nf6 h6 37. Ng8 1-0

[Event "29. Torneo Collado Villalba 2012 - B"]
[Site "Collado Villalba ESP"]
[Date "2012.08.28"]
[Round "5.22"]
[White "Mataix Fernandez, Ricardo"]
[Black "Gonzalez Del Valls, Javier"]
[Result "0-1"]
[WhiteElo "1706"]
[BlackElo "1754"]
[PlyCount "70"]
[EventDate "2012.08.24"]
[EventType "swiss"]
[EventRounds "9"]
[EventCountry "ESP"]
[Source "lmi"]
[SourceDate "2012.08.24"]

1. d4 d5 2. Bf4 Nf6 3. e3 e6 4. Bd3 Bd6 5. Nf3 Bxf4 6. exf4 Qd6 7. Qd2 c5 8. c3
Nc6 9. O-O O-O 10. Na3 a6 11. Rae1 b5 12. Ne5 cxd4 13. Nxc6 Qxc6 14. cxd4 Bd7
15. f3 Qb6 16. Qf2 b4 17. Nc2 b3 18. axb3 Qxb3 19. Qe2 Qxb2 20. Rb1 Qc3 21. Qe3
Rfc8 22. Rb3 Qc7 23. Rfb1 a5 24. Ne1 a4 25. Ra3 Ne8 26. Bc2 Nd6 27. Qd3 g6 28.
Qd1 Nc4 29. Ra2 Qxf4 30. Bxa4 Bxa4 31. Rxa4 Rxa4 32. Qxa4 Qxd4+ 33. Kh1 Qd2 34.
Rd1 Qe2 35. Qc2 Qf1# 0-1

[Event "29. Torneo Collado Villalba 2012 - B"]
[Site "Collado Villalba ESP"]
[Date "2012.08.28"]
[Round "5.23"]
[White "Carrasco Espasandin, Pablo"]
[Black "Lianes Garcia, Marcos"]
[Result "0-1"]
[WhiteElo "1743"]
[BlackElo "1627"]
[PlyCount "76"]
[EventDate "2012.08.24"]
[EventType "swiss"]
[EventRounds "9"]
[EventCountry "ESP"]
[Source "lmi"]
[SourceDate "2012.08.24"]

1. d4 Nf6 2. Nc3 d5 3. Nf3 e6 4. Bg5 Be7 5. Bxf6 Bxf6 6. e4 c6 7. e5 Be7 8. Bd3
c5 9. O-O Nc6 10. Bb5 Bd7 11. Ne2 Nxe5 12. Bxd7+ Nxd7 13. c3 Qb6 14. Qc2 Rc8
15. Rfe1 Bf6 16. Nf4 O-O 17. Ne5 Qc7 18. Nxd7 Qxd7 19. dxc5 Rxc5 20. Rad1 g6
21. Qe2 Qb5 22. Nd3 Rc4 23. Qf3 Bg7 24. Qg3 Rd8 25. h4 Re4 26. Rf1 Qc6 27. f3
Rc4 28. h5 Qd6 29. f4 Re4 30. hxg6 hxg6 31. Qf3 Qb6+ 32. Kh1 Qe3 33. Qg4 Bf6
34. Rfe1 Qb6 35. Rf1 Kg7 36. Nf2 Rh8+ 37. Kg1 Rh4 38. Qg3 Rexf4 0-1

[Event "29. Torneo Collado Villalba 2012 - B"]
[Site "Collado Villalba ESP"]
[Date "2012.08.28"]
[Round "5.24"]
[White "Sadaba Rodriguez, Igor"]
[Black "Neila Ausin, Eva"]
[Result "1/2-1/2"]
[WhiteElo "1702"]
[BlackElo "1738"]
[PlyCount "70"]
[EventDate "2012.08.24"]
[EventType "swiss"]
[EventRounds "9"]
[EventCountry "ESP"]
[Source "lmi"]
[SourceDate "2012.08.24"]

1. d4 d5 2. c4 e6 3. Nc3 Nf6 4. cxd5 exd5 5. Bg5 Be7 6. e3 c6 7. Bd3 h6 8. Bh4
Nbd7 9. Nf3 Nb6 10. Qc2 Nc4 11. O-O Nd6 12. a3 O-O 13. Ne5 a6 14. b4 Be6 15.
Na4 Nfe4 16. Bxe7 Qxe7 17. Nc5 Bf5 18. Nxe4 Bxe4 19. Bxe4 Nxe4 20. Rab1 Rfe8
21. a4 Nd6 22. Rfc1 Rad8 23. h3 Qg5 24. Nf3 Qf6 25. Ne5 Re6 26. Qe2 Rde8 27.
Qf3 Qe7 28. Rb2 Rf6 29. Qg4 Rf5 30. b5 Rg5 31. Qd7 axb5 32. axb5 Nxb5 33. Qxe7
Rxe7 34. Rc5 Rf5 35. Nd3 Rf6 1/2-1/2

[Event "29. Torneo Collado Villalba 2012 - B"]
[Site "Collado Villalba ESP"]
[Date "2012.08.28"]
[Round "5.25"]
[White "Orantes Sanz, Ricardo"]
[Black "Roldan Garcia, Angel"]
[Result "0-1"]
[WhiteElo "1604"]
[BlackElo "1734"]
[PlyCount "86"]
[EventDate "2012.08.24"]
[EventType "swiss"]
[EventRounds "9"]
[EventCountry "ESP"]
[Source "lmi"]
[SourceDate "2012.08.24"]

1. Nf3 Nf6 2. c4 g6 3. g3 Bg7 4. Bg2 O-O 5. d3 d6 6. Nc3 c6 7. Rb1 Bg4 8. O-O
a5 9. Bd2 Nbd7 10. b4 axb4 11. Rxb4 Qc7 12. Qc2 e5 13. h3 Bxf3 14. Bxf3 Nc5 15.
Bg2 Nfd7 16. f4 f5 17. e4 fxe4 18. Nxe4 Nxe4 19. Bxe4 Nc5 20. Bg2 Ra3 21. Rf3
Rfa8 22. Rb2 e4 23. dxe4 Bxb2 24. Qxb2 Rxa2 25. Qd4 Qe7 26. Bc3 Kf7 27. Qg7+
Ke8 28. Qd4 Ne6 29. Qe3 Rc2 30. Rf2 Rxf2 31. Qxf2 Qc7 32. f5 gxf5 33. exf5 Nc5
34. Qd4 Qe7 35. h4 Ra2 36. Bh3 Qe2 37. Qh8+ Kd7 38. Qxh7+ Kc8 39. Qg8+ Kc7 40.
Qf7+ Nd7 41. Bd4 Qh2+ 42. Kf1 Qxh3+ 43. Kg1 Qg2# 0-1

[Event "29. Torneo Collado Villalba 2012 - B"]
[Site "Collado Villalba ESP"]
[Date "2012.08.28"]
[Round "5.26"]
[White "Gallego Romero, Manuel"]
[Black "Benito Alba, Eladio"]
[Result "0-1"]
[WhiteElo "1679"]
[BlackElo "1731"]
[PlyCount "54"]
[EventDate "2012.08.24"]
[EventType "swiss"]
[EventRounds "9"]
[EventCountry "ESP"]
[Source "lmi"]
[SourceDate "2012.08.24"]

1. e4 c6 2. Nf3 d5 3. e5 Bg4 4. d4 e6 5. a3 c5 6. c3 Nc6 7. Bd3 cxd4 8. cxd4
Bxf3 9. gxf3 Nxd4 10. Qa4+ Nc6 11. Bb5 Qc7 12. f4 Nge7 13. Bd2 Nc8 14. Ba5 Nb6
15. Bxb6 Qxb6 16. b4 g6 17. O-O Bh6 18. Bxc6+ bxc6 19. b5 Qxb5 20. Qxb5 cxb5
21. Nc3 a6 22. Ne2 Rc8 23. Kg2 Kd7 24. Kf3 Rc4 25. Rfd1 Rhc8 26. Nd4 Bf8 27.
Ra2 Rc3+ 0-1

[Event "29. Torneo Collado Villalba 2012 - B"]
[Site "Collado Villalba ESP"]
[Date "2012.08.28"]
[Round "5.30"]
[White "Rodriguez Del Moral, Angel"]
[Black "Lopez Rodriguez, Alvaro"]
[Result "1-0"]
[WhiteElo "1780"]
[BlackElo "1581"]
[PlyCount "55"]
[EventDate "2012.08.24"]
[EventType "swiss"]
[EventRounds "9"]
[EventCountry "ESP"]
[Source "lmi"]
[SourceDate "2012.08.24"]

1. d4 Nf6 2. Nf3 c5 3. c3 Nc6 4. Bf4 g6 5. dxc5 e6 6. b4 a5 7. b5 Ne7 8. Be5
Ned5 9. c4 Nc7 10. Qd4 Bg7 11. Nbd2 O-O 12. Rd1 Nh5 13. Bxg7 Nxg7 14. e4 Qe7
15. Qd6 Qd8 16. Be2 Nge8 17. Qd4 d6 18. Nb1 e5 19. Qd2 Ne6 20. cxd6 Nf4 21. d7
Nxe2 22. Kxe2 Qc7 23. d8=Q Qxc4+ 24. Q8d3 Qc5 25. Rc1 Qb6 26. Nxe5 Nf6 27. a4
Re8 28. Qd6 1-0

[Event "29. Torneo Collado Villalba 2012 - B"]
[Site "Collado Villalba ESP"]
[Date "2012.08.28"]
[Round "5.32"]
[White "Martinez Martinez, Manuel II"]
[Black "Centeno Mateos, Domingo"]
[Result "1-0"]
[WhiteElo "1700"]
[BlackElo "1580"]
[PlyCount "60"]
[EventDate "2012.08.24"]
[EventType "swiss"]
[EventRounds "9"]
[EventCountry "ESP"]
[Source "lmi"]
[SourceDate "2012.08.24"]

1. d4 Nf6 2. Nf3 e6 3. e3 c5 4. c3 Nc6 5. a3 d5 6. Nbd2 b6 7. Bd3 c4 8. Bc2 Bd7
9. O-O g6 10. e4 dxe4 11. Nxe4 Nxe4 12. Bxe4 Bg7 13. d5 exd5 14. Bxd5 O-O 15.
Bg5 Qc7 16. Qc1 Be6 17. Bxe6 fxe6 18. Bh6 Ne5 19. Nxe5 Qxe5 20. Bxg7 Kxg7 21.
Re1 Qf5 22. Qe3 Rae8 23. Rad1 Re7 24. Rd4 Qc5 25. f3 e5 26. Rd2 Qxe3+ 27. Rxe3
Rf6 28. Re4 b5 29. Kf2 Rc6 30. Rd5 a6 1-0